000 00880nam a2200265 a 4500
001 000027862
003 DO-SdBNP
005 20180409101303.0
007 000027862
008 100127s2001 dr 000 0 spa d
040 _aBPMSU
_bspa
_cBPMSU
049 _aBNPD
092 _axxx
_bxxx
110 _4Universidad Autónoma de Santo Domingo
245 0 0 _aEstatuto Orgánico de la Universidad Autónoma de Santo Domingo
260 _aSanto Domingo :
_bUASD,
_c2001
300 _a74 p. ;
_c23 cm.
490 1 _aPublicaciones de la Universidad Autónoma de Santo Domingo
_v1029
710 2 _aUniversidad Autónoma de Santo Domingo
830 0 _aPublicaciones de la Universidad Autónoma de Santo Domingo
_n1029
942 _2ddc
_cVM
945 _aRemanejado para la BNPHU / BT
956 _aIGARCIA
_b10
_c20110405
_lBND01
_h1110
956 _aVMATEO
_b10
_c20110418
_lBND01
_h1432
999 _c7420
_d7420